000 01104nam a2200217Ia 4500
003 Ost
005 20260507075718.0
008 260507s9999||||xx |||||||||||||| ||und||
020 _a9789931748830
040 _cfsecg
041 _aara
082 _a338.54
100 _aمهداوي، هند
_eمؤلف
245 0 _aإدارة الأزمات المالية /
_c هند مهداوي
260 _aالجزائر:
_bدار الباحث للنشر والإشهار,
_c2022
300 _a137 صفحة؛
_bإيضاحات ؛
_c24 سم
504 _aمراجع ص.131
520 _aالاستقرار المالي والدورات الاقتصادية، العولمة المالية وعلاقتها بالأزمات المالية، النظريات المفسرة للأزمات المالية وأزمة الكساد العظيم، الأزمات النفطية وأزمات الثمانينات، كذلك أزمات تسعينات القرن العشرين، وأخيرا أزمات القرن الحادي والعشرين.
653 _aالأزمات الإقتصادية
942 _cكتاب
999 _c45927
_d45927